| 000 | 00730nam a2200253Ia 4500 | ||
|---|---|---|---|
| 003 | OSt | ||
| 005 | 20221006160847.0 | ||
| 006 | a|||||r|||| 00| 0 | ||
| 007 | ta | ||
| 008 | 221006b |||||||| |||| 00| 0 eng d | ||
| 020 |
_a9781598000214 _c _ 36.95 |
||
| 024 | _a46,635 | ||
| 037 | _cTextual | ||
| 040 |
_aEASL _cEASL _beng |
||
| 041 |
_2eng _aeng |
||
| 082 | _aV495:1973.N5, Q0 | ||
| 100 |
_aSHAINES Robert . A _9675278 |
||
| 245 | 0 |
_aCommand influence _b A story of Korea and the politics of injustice. |
|
| 260 |
_aDenver, _bColorado Outskirts Press USA _c2010 |
||
| 300 |
_a380p. _ccm. |
||
| 490 | _v KEL | ||
| 942 |
_hV495:1973.N5, Q0 _cTEXL _2CC |
||
| 999 |
_c1114725 _d1114725 |
||